| 000 | 00834cam a2200145 4500500 | ||
|---|---|---|---|
| 005 | 20260208010010.0 | ||
| 041 | _afre | ||
| 042 | _adc | ||
| 100 | 1 | 0 |
_aDiethelm, Marie-Bénédicte _eauthor |
| 245 | 0 | 0 | _aMadame DE GENLIS, Adèle et Théodore ou Lettres sur l’éducation, contenant tous les principes relatifs aux trois différents plans d’éducation des Princes et des jeunes personnes de l’un et l’autre sexe. Introduction, édition, index et notes par ISABELLE BROUARD- ARENDS. Presses universitaires de Rennes, collection « Textes rares », 2006. |
| 260 | _c2010. | ||
| 500 | _a8 | ||
| 786 | 0 | _nRevue d'histoire littéraire de la France | 110 | 2 | 2010-06-02 | p. 437i-449i | 0035-2411 | |
| 856 | 4 | 1 | _uhttps://shs.cairn.info/revue-d-histoire-litteraire-de-la-france-2010-2-page-437i?lang=fr&redirect-ssocas=7080 |
| 999 |
_c1654768 _d1654768 |
||